Zdravie a chuť idú spolu ruka v ruke

Pandémia Covidu motivovala k zlepšeniu kvality konzumovaných potravín a nápojov. To viedlo k vyššiemu dopytu po organických, lokálnych a prirodzene zdravších produktoch. Do výberu zasahuje cenová dostupnosť a informácie na internete.

Saved in:
Bibliographic Details
Main Author: Ondrušová, Miroslava
Format: Book Chapter
Language:Slovak
Subjects:
Tags: Add Tag
No Tags, Be the first to tag this record!

MARC

LEADER 00000naa a2200000 4500
001 0276656
005 20210629100644.3
041 0 |a slo 
044 |a CZ 
245 1 0 |a Zdravie a chuť idú spolu ruka v ruke  |c Miroslava Ondrušová 
520 |a Pandémia Covidu motivovala k zlepšeniu kvality konzumovaných potravín a nápojov. To viedlo k vyššiemu dopytu po organických, lokálnych a prirodzene zdravších produktoch. Do výberu zasahuje cenová dostupnosť a informácie na internete. 
610 2 0 |a správanie spotrebiteľa 
610 2 0 |a štýl životný 
610 2 0 |a starostlivosť o zdravie 
610 2 0 |a výrobky rastlinné 
610 2 0 |a dopyt spotrebiteľský 
100 1 |a Ondrušová, Miroslava